000
00329nam a2200145Ia 4500
005
20251222144654.0
008
251222s9999||||xx |||||||||||||| ||spa||
020
_a
9972-223-01-9
082
_a
226/A69
100
_a
Arens, Eduardo
245
0
_a
Los Evangelios Ayer y Hoy:
250
_a
3a.ed.
264
_b
CEP
942
_c
LIB
999
_c
17199
_d
17199